| 000 | 00759nam a22002297a 4500 | ||
|---|---|---|---|
| 003 | DO-SdBNP | ||
| 005 | 20230113094200.0 | ||
| 007 | ta | ||
| 008 | 210715e2020 dr er|||| 001 e spa d | ||
| 020 | _a9789945924916 | ||
| 040 |
_aDO-SdBNP _bspa _cBNPHU |
||
| 041 | _hspa | ||
| 082 | 4 | _222 | |
| 245 | 0 | 0 |
_aA los 60 años : _bdos panfleteros de Santiago contra un régimen tiránico / _ceditor y compilador Ramón Antonio -Negro- Veras |
| 260 |
_aSanto Domingo : _bOcéano Azul, _c2020. |
||
| 300 |
_a536 p. ; _c23 cm. |
||
| 500 | _aIncluye referencias bibliográficas y notas al pie de las páginas | ||
| 590 | _aInventariado, 2021 / LP | ||
| 700 | 1 |
_910521 _aVeras, Ramón Antonio, _d1938- _eeditor y compilador |
|
| 910 | _aLopérez | ||
| 942 |
_2ddc _cLBS1 |
||
| 999 |
_c50183 _d50183 |
||